|
|
|
|
| LEADER |
00000nam a22000007a 4500 |
| 005 |
2022081708288.0 |
| 007 |
cr|||| |||| |
| 008 |
220817s2017 br |||||s|||| 00||0 por d |
| 020 |
|
|
|a 978-857147-954-8
|
| 035 |
|
|
|a 36849
|
| 040 |
|
|
|a vLex
|
| 090 |
|
|
|c 13727
|d 13727
|
| 100 |
1 |
|
|a de Almeida Pedroso, Fernando
|
| 245 |
1 |
0 |
|a Prova Penal
|h [Recurso electrn̤ico] :
|b Doutrina e Jurisprudn̊cia /
|c Fernando de Almeida Pedroso
|
| 250 |
|
|
|a 3era. Edicin̤
|
| 256 |
|
|
|a Servicio en ln̕ea
|
| 260 |
|
|
|a Rio de Janeiro:
|b Editora Processo,
|c 2017
|
| 300 |
|
|
|a 1 recurso electrn̤ico
|
| 500 |
|
|
|a A terceira ediȯ̂ desta obra deve-se ̉grande relevńcia do tema e sua anl̀ise acurada. Foram estudados os aspectos mais relevantes da prova penal, como o interrogatr̤io do rǔ e os meios que colaboram para sua produȯ̂ (documentos, testemunhas, perc̕ia, reconhecimento de coisas ou pessoas, busca e apreensô, declaraė̳s da vt̕ima ou ofendido, etc.). Todo o estudo est ̀baseado em vasta informaȯ̂ doutrinr̀ia e jurisprudencial, resultando num trabalho primoroso que, mesmo produzido numa linguagem simples, mantm̌ o tecnicismo jurd̕ico e aprofunda o tema.
|
| 506 |
1 |
|
|a Disponible solo en los productos indicados
|d vLex Global
|d vLex Global (Academic Edition, excluding Law Schools)
|d vLex Global (U.S. Academic Edition, Law Schools)
|d vLex Global (U.S. Academic Edition, excluding Law Schools)
|d vLex Global (Academic Edition, Law Schools)
|
| 650 |
0 |
4 |
|a Derecho Penal
|z Brasil
|
| 740 |
0 |
|
|a vLex Libros (Servicio en ln̕ea)
|
| 856 |
4 |
0 |
|u https://app.vlex.com/#/sources/36849
|z Acceso restringido
|
| 942 |
|
|
|c BOOK
|
| 999 |
0 |
|
|a Criminal law
|